000 00442nam a22001817a 4500
003 OSt
005 20180116183006.0
008 150806b xxu||||| |||| 00| 0 eng d
020 _a9780071078078
040 _c0
082 _a657.046 HAN 2011
100 _aM. Hanif
245 _aAdvanced Accounting
_cM. Hanif
260 _aIndia
_bMcGraw Hill
_c2011
300 _a650 p. approx
_bPB
440 _aAdvanced Accounting
942 _2ddc
_cBK
999 _c350045
_d350045